[Event "Seniorentoernooi 2016"]
[Site "Dieren, "]
[Date "2016.07.19"]
[Round "3"]
[White "Gielen, Wim"]
[Black "Etmans, Maarten"]
[Result "1-0"]
[WhiteElo "1877"]
[BlackElo "2063"]
[PlyCount "53"]
[EventDate "2016.??.??"]

1. f4 d5 2. Nf3 Bg4 3. e3 g6 4. Be2 Bg7 5. O-O Nc6 6. d3 Nf6 7. Nc3 Bxf3 8.
Bxf3 e5 9. e4 dxe4 10. Nxe4 Nxe4 11. Bxe4 O-O 12. f5 Rb8 13. Be3 gxf5 14. Rxf5
Ne7 15. Qh5 Ng6 16. Bxa7 b6 17. Bxb8 Qd4+ 18. Rf2 Rxb8 19. c3 Qc5 20. Raf1 Rf8
21. Kh1 Qe3 22. g3 Qc5 23. Kg2 Qd6 24. h4 Qe6 25. c4 c6 26. b4 Qd7 27. a4 1-0

[Event "Seniorentoernooi 2016"]
[Site "Dieren, "]
[Date "2016.07.19"]
[Round "3"]
[White "Fassaert, Désiré"]
[Black "Van Wageningen, Arie"]
[Result "1/2-1/2"]
[WhiteElo "1924"]
[BlackElo "2023"]
[PlyCount "51"]
[EventDate "2016.??.??"]

1. c4 e6 2. Nc3 d5 3. e3 c5 4. d4 Nf6 5. Nf3 Nc6 6. dxc5 Bxc5 7. a3 O-O 8. b4
Be7 9. Bb2 a6 10. cxd5 exd5 11. Be2 Be6 12. O-O h6 13. Nd4 Nxd4 14. Qxd4 Ne8
15. Bf3 Bf6 16. Qd2 Nd6 17. Na4 Nc4 18. Qe2 Nxb2 19. Nxb2 Qe7 20. Rac1 Rac8 21.
Nd3 a5 22. Nf4 Rxc1 23. Rxc1 axb4 24. axb4 Qxb4 25. Nxd5 Bxd5 26. Bxd5 1/2-1/2

[Event "Seniorentoernooi 2016"]
[Site "Dieren, "]
[Date "2016.07.19"]
[Round "3"]
[White "Arp, Frans"]
[Black "Holscher, Peter"]
[Result "1-0"]
[WhiteElo "2002"]
[BlackElo "2079"]
[PlyCount "105"]
[EventDate "2016.??.??"]

1. e4 e6 2. d4 d5 3. e5 Qd7 4. c3 b6 5. Nf3 Ne7 6. Bd3 Ba6 7. O-O Bxd3 8. Qxd3
Nf5 9. g4 Ne7 10. b3 h5 11. g5 h4 12. h3 Nf5 13. Bf4 Nc6 14. a4 a5 15. Na3 Bxa3
16. Rxa3 O-O 17. Raa1 Nce7 18. Kh1 Ng6 19. Bd2 c5 20. Rg1 Rfc8 21. Qe2 cxd4 22.
Nxd4 Nxd4 23. cxd4 Rc2 24. Qd3 Rac8 25. Rgc1 Rxc1+ 26. Rxc1 Rxc1+ 27. Bxc1 Qc6
28. Bd2 Ne7 29. Kg2 Nf5 30. Kf3 Kh7 31. Ke2 Kg6 32. f4 Qc8 33. Be1 Qc1 34. Bd2
Qg1 35. b4 axb4 36. Bxb4 Qh2+ 37. Kd1 Qxf4 38. Bd2 Qg3 39. Kc2 Qg1 40. Kc3 Qa1+
41. Kb3 Qd1+ 42. Kb4 f6 43. gxf6 gxf6 44. exf6 Kf7 45. Kb5 Nd6+ 46. Kxb6 Ne4
47. a5 Nxf6 48. Qc3 Qa4 49. Qb4 Qc2 50. a6 Qc8 51. Ka5 Nd7 52. Qb7 Qd8+ 53. Kb5
1-0

[Event "Seniorentoernooi 2016"]
[Site "Dieren, "]
[Date "2016.07.19"]
[Round "3"]
[White "Huysman, Arie"]
[Black "Wagenaar, Harm Theo"]
[Result "1-0"]
[WhiteElo "1980"]
[BlackElo "1900"]
[PlyCount "107"]
[EventDate "2016.??.??"]

1. e4 d5 2. exd5 Qxd5 3. Nf3 Bg4 4. Be2 Nc6 5. d4 O-O-O 6. c3 e5 7. Be3 exd4 8.
cxd4 Bb4+ 9. Nc3 Nge7 10. O-O Qd7 11. Qa4 Kb8 12. d5 Nxd5 13. Nxd5 Qxd5 14. a3
b5 15. Qxb5+ Qxb5 16. Bxb5 Bxf3 17. gxf3 Nd4 18. Bxd4 Rxd4 19. axb4 Rxb4 20.
Bc6 Rxb2 21. Rfd1 Rb6 22. Rac1 Kc8 23. Be4 g6 24. Ra1 a6 25. Rdb1 f5 26. Rxb6
cxb6 27. Rxa6 Kc7 28. Bd3 Kb7 29. Ra3 Rd8 30. Kf1 Rd4 31. Rc3 Kb8 32. Kg2 Kb7
33. Kg3 Kb8 34. f4 Kb7 35. Kf3 Kb8 36. Ke3 Rd6 37. Rc4 Re6+ 38. Kd2 Rd6 39. Kc3
Re6 40. Rd4 Kc7 41. Kd2 Re7 42. Bb5 Rf7 43. Rd5 Re7 44. Re5 Rf7 45. Re6 Rg7 46.
Ke3 Kb7 47. Kd4 Rc7 48. Bc4 Rd7+ 49. Bd5+ Ka6 50. Ke5 Ka5 51. Kd4 Ka6 52. Rf6
Re7 53. Rf7 Re2 54. Bc4+ 1-0

[Event "Seniorentoernooi 2016"]
[Site "Dieren, "]
[Date "2016.07.19"]
[Round "3"]
[White "Landsbergen, Ron"]
[Black "Goossen, Theo"]
[Result "1/2-1/2"]
[WhiteElo "1952"]
[BlackElo "1991"]
[PlyCount "39"]
[EventDate "2016.??.??"]

1. e4 c5 2. Nc3 a6 3. g3 b5 4. d3 Bb7 5. Qe2 e6 6. Bg2 Nc6 7. Nf3 Nd4 8. Nxd4
cxd4 9. Nb1 Bc5 10. O-O Ne7 11. Nd2 Rc8 12. Nb3 Bb6 13. f4 O-O 14. Rf2 f5 15.
Kh1 Bc6 16. Rf1 Qc7 17. c3 fxe4 18. dxe4 dxc3 19. bxc3 Ba8 20. Ba3 1/2-1/2

[Event "Seniorentoernooi 2016"]
[Site "Dieren, "]
[Date "2016.07.20"]
[Round "4"]
[White "Vogel, Jaap"]
[Black "Schouten, Nico"]
[Result "1/2-1/2"]
[WhiteElo "2083"]
[BlackElo "2117"]
[PlyCount "58"]
[EventDate "2016.??.??"]

1. d4 Nf6 2. Nf3 g6 3. g3 Bg7 4. Bg2 O-O 5. O-O d6 6. c4 Na6 7. Nc3 c5 8. d5
Nc7 9. e4 Rb8 10. a4 a6 11. a5 b5 12. axb6 Rxb6 13. Ra2 Bg4 14. h3 Bxf3 15.
Bxf3 Nd7 16. Bd2 Bd4 17. Kg2 Ne8 18. Be2 Nef6 19. Qc2 Nb8 20. Bd3 Qd7 21. Ne2
e5 22. f4 Ne8 23. Nxd4 exd4 24. e5 Ng7 25. Ba5 Rb7 26. Raa1 Qe7 27. Rae1 Nd7
28. exd6 Qxd6 29. Re2 Re8 1/2-1/2

[Event "Seniorentoernooi 2016"]
[Site "Dieren, "]
[Date "2016.07.20"]
[Round "4"]
[White "Van den Berg, Ad"]
[Black "De Ruijter, Luuk"]
[Result "1/2-1/2"]
[WhiteElo "2180"]
[BlackElo "2152"]
[PlyCount "69"]
[EventDate "2016.??.??"]

1. e4 c5 2. Nc3 Nc6 3. Nge2 e6 4. g3 Nf6 5. Bg2 Be7 6. O-O O-O 7. h3 a6 8. f4
d6 9. d3 Nd4 10. Be3 Nxe2+ 11. Qxe2 d5 12. Bf2 d4 13. Nb1 b5 14. Nd2 Bb7 15. g4
h6 16. h4 g6 17. Bf3 Kg7 18. g5 hxg5 19. hxg5 Nd7 20. e5 Bxf3 21. Qxf3 Bxg5 22.
Ne4 Be7 23. Kg2 Qc7 24. a4 Qc6 25. b3 Qd5 26. Rh1 Rh8 27. axb5 axb5 28. Rxa8
Qxa8 29. Rxh8 Kxh8 30. b4 cxb4 31. Bxd4 Qa2 32. Nd6 Qxc2+ 33. Kg3 Bxd6 34.
exd6+ f6 35. Qb7 1/2-1/2

[Event "Seniorentoernooi 2016"]
[Site "Dieren, "]
[Date "2016.07.20"]
[Round "4"]
[White "Hoogland, Dirk"]
[Black "Selten, Jan"]
[Result "0-1"]
[WhiteElo "2151"]
[BlackElo "2080"]
[PlyCount "62"]
[EventDate "2016.??.??"]

1. c4 Nf6 2. g3 e5 3. Bg2 c6 4. d3 d5 5. Nd2 Bc5 6. h3 O-O 7. Nb3 dxc4 8. Nxc5
Qa5+ 9. Bd2 Qxc5 10. Rc1 Qb6 11. Rxc4 Qxb2 12. a4 Re8 13. Nf3 Qb6 14. O-O Be6
15. Rb4 Qc7 16. Qb1 b6 17. Rc1 Nbd7 18. Ng5 Bd5 19. e4 Be6 20. f4 Nc5 21. fxe5
Nh5 22. Bf4 h6 23. Nf3 Qe7 24. Ne1 Red8 25. Kh2 Nxd3 26. Nxd3 Rxd3 27. Bf1 Nxf4
28. gxf4 Rd2+ 29. Kh1 Qh4 30. Rc3 Qf2 31. Rxc6 Qh2# 0-1

[Event "Seniorentoernooi 2016"]
[Site "Dieren, "]
[Date "2016.07.20"]
[Round "4"]
[White "Van Lanen, Toon"]
[Black "Jonkman, Fokke"]
[Result "1-0"]
[WhiteElo "2106"]
[BlackElo "2074"]
[PlyCount "89"]
[EventDate "2016.??.??"]

1. e4 c5 2. Nc3 Nc6 3. g3 g6 4. Bg2 Bg7 5. d3 e6 6. Be3 d6 7. Qd2 Nd4 8. Nf3
Ne7 9. O-O O-O 10. Rab1 Rb8 11. Bh6 Nxf3+ 12. Bxf3 Nc6 13. Bxg7 Kxg7 14. Ne2 e5
15. Bg2 Be6 16. f4 f5 17. exf5 gxf5 18. Bxc6 bxc6 19. fxe5 dxe5 20. Qc3 Qd6 21.
Rf2 Rf6 22. Kf1 Rbf8 23. Rd1 f4 24. gxf4 Bg4 25. Ke1 Qd5 26. Kd2 Kh6 27. Rg1
Rg6 28. Ng3 exf4 29. Ne4 Rf5 30. b3 Qd4 31. Qxd4 cxd4 32. c3 dxc3+ 33. Kxc3 f3
34. Kd4 Kg7 35. Ke3 Rf7 36. Rg3 Bh5 37. Rxg6+ hxg6 38. Rc2 g5 39. Nxg5 Rf5 40.
Ne4 Be8 41. Nd6 Re5+ 42. Kxf3 Bh5+ 43. Kf4 Rd5 44. Nf5+ Kf8 45. d4 1-0

[Event "Seniorentoernooi 2016"]
[Site "Dieren, "]
[Date "2016.07.20"]
[Round "4"]
[White "Gielen, Wim"]
[Black "Arp, Frans"]
[Result "1-0"]
[WhiteElo "1877"]
[BlackElo "2002"]
[PlyCount "95"]
[EventDate "2016.??.??"]

1. f4 e5 2. fxe5 d6 3. exd6 Bxd6 4. Nf3 g5 5. g3 g4 6. Nh4 Ne7 7. d4 Ng6 8.
Nxg6 hxg6 9. Qd3 Nc6 10. c3 Bf5 11. e4 Qe7 12. Bg2 O-O-O 13. Be3 Rde8 14. Nd2
Rxh2 15. Rxh2 Bxg3+ 16. Ke2 Bxh2 17. exf5 Bf4 18. Be4 g5 19. Rf1 g3 20. Bxf4
gxf4 21. Rxf4 Qg5 22. Rf1 Qh5+ 23. Qf3 Qh2+ 24. Kd1 Rxe4 25. Qxe4 g2 26. Qe8+
Nd8 27. Qe1 gxf1=Q 28. Qxf1 f6 29. Qf3 Nf7 30. Qe4 Qh5+ 31. Kc2 Nd6 32. Qe6+
Kb8 33. Qxf6 Qxf5+ 34. Qxf5 Nxf5 35. Kd3 Kc8 36. Nc4 b5 37. Ne5 Nd6 38. c4
bxc4+ 39. Nxc4 Nf5 40. Ke4 Ne7 41. d5 Kd7 42. Kd4 Kc8 43. Kc5 Kb7 44. Na5+ Ka6
45. Nc6 Nf5 46. Nd4 Ne7 47. Ne6 Kb7 48. Nxc7 1-0

[Event "Seniorentoernooi 2016"]
[Site "Dieren, "]
[Date "2016.07.20"]
[Round "4"]
[White "Fassaert, Désiré"]
[Black "Perrenet, Jacob"]
[Result "1/2-1/2"]
[WhiteElo "1924"]
[BlackElo "2103"]
[PlyCount "119"]
[EventDate "2016.??.??"]

1. Nf3 Nc6 2. d4 d5 3. e3 Bg4 4. Bb5 e6 5. c4 Bb4+ 6. Bd2 Bxd2+ 7. Nbxd2 Nge7
8. cxd5 Qxd5 9. Bc4 Qh5 10. Be2 O-O 11. h3 Rad8 12. O-O Bxf3 13. Nxf3 Qd5 14.
a3 e5 15. dxe5 Nxe5 16. Qxd5 Rxd5 17. Nxe5 Rxe5 18. Rfd1 g6 19. Rac1 c6 20. Rd7
Rb8 21. b4 Kf8 22. Bf3 Ke8 23. Rd2 a5 24. Rc4 Rd8 25. Rxd8+ Kxd8 26. Kf1 Kc7
27. Ke2 Nf5 28. Rc5 Nd4+ 29. Kd3 Nxf3 30. gxf3 Rxc5 31. bxc5 Kd7 32. Kd4 Ke6
33. f4 Kf5 34. f3 f6 35. h4 h5 36. Kd3 g5 37. fxg5 fxg5 38. hxg5 h4 39. Ke2
Kxg5 40. f4+ Kg4 41. Kf2 a4 42. Kg2 h3+ 43. Kh2 Kf5 44. Kxh3 Ke4 45. Kg4 Kd5
46. Kf5 Kxc5 47. Ke6 Kc4 48. f5 Kb3 49. f6 Kxa3 50. f7 b5 51. f8=Q+ b4 52. Ke5
Kb3 53. Kd4 a3 54. Kd3 a2 55. Qf1 c5 56. Qd1+ Kb2 57. Qc2+ Ka3 58. Qxc5 a1=Q
59. Qa5+ Kb3 60. Qxa1 1/2-1/2

[Event "Seniorentoernooi 2016"]
[Site "Dieren, "]
[Date "2016.07.20"]
[Round "4"]
[White "Etmans, Maarten"]
[Black "Huysman, Arie"]
[Result "1-0"]
[WhiteElo "2063"]
[BlackElo "1980"]
[PlyCount "119"]
[EventDate "2016.??.??"]

1. e4 e5 2. d3 c6 3. Nf3 Nf6 4. Nc3 d6 5. h3 Be7 6. g3 O-O 7. Bg2 d5 8. O-O
dxe4 9. dxe4 Qxd1 10. Rxd1 Nfd7 11. Be3 f6 12. a3 Nb6 13. b3 Be6 14. a4 Na6 15.
a5 Nd7 16. Bf1 Nb4 17. Bc4 Bxc4 18. Rxd7 Nxc2 19. Rc1 Bxb3 20. Rxe7 Nxe3 21.
fxe3 Rf7 22. Rxf7 Bxf7 23. Rb1 Rb8 24. Na4 Be6 25. Kg2 Kf7 26. Nc5 b6 27. axb6
axb6 28. Nxe6 Kxe6 29. Kf2 b5 30. Ne1 c5 31. Nd3 c4 32. Nb4 Ra8 33. Nd5 Ra2+
34. Kf3 Ra5 35. Nc7+ Kd6 36. Nxb5+ Kc5 37. Nc3 Ra3 38. Rc1 Rb3 39. Rc2 Ra3 40.
Ke2 Ra1 41. Kd2 Rh1 42. h4 Rh2+ 43. Ne2 g5 44. hxg5 fxg5 45. Ra2 h5 46. Ra5+
Kd6 47. Rd5+ Ke6 48. Rc5 h4 49. gxh4 gxh4 50. Rc6+ Kd7 51. Rxc4 h3 52. Rc5 Kd6
53. Rc8 Kd7 54. Rh8 Ke6 55. Rh6+ Kf7 56. Ke1 Rh1+ 57. Kf2 Rh2+ 58. Kf3 Kg7 59.
Rh4 Kg6 60. Ng1 1-0

[Event "Seniorentoernooi 2016"]
[Site "Dieren, "]
[Date "2016.07.20"]
[Round "4"]
[White "Van Wageningen, Arie"]
[Black "Seeleman, Jan"]
[Result "1-0"]
[WhiteElo "2023"]
[BlackElo "1943"]
[PlyCount "157"]
[EventDate "2016.??.??"]

1. Nf3 Nf6 2. c4 g6 3. g3 Bg7 4. Bg2 O-O 5. O-O d6 6. d4 Nc6 7. Nc3 a6 8. h3
Rb8 9. e4 Nd7 10. Bg5 h6 11. Be3 Na5 12. b3 c5 13. Qd2 Kh7 14. Rad1 cxd4 15.
Nxd4 Re8 16. f4 e6 17. Nde2 Bf8 18. f5 Nc6 19. fxg6+ fxg6 20. Nd4 Nce5 21. Nf3
b6 22. Nxe5 Nxe5 23. Bf4 Qc7 24. Rf2 g5 25. Be3 Bb7 26. Rdf1 Bg7 27. Bd4 Re7
28. Qe3 Bc6 29. Rd1 Be8 30. Ne2 Bc6 31. Bc3 Be8 32. Bb4 Rd7 33. Nd4 Bf7 34.
Rfd2 Rbd8 35. Rf1 Bg8 36. a4 Ng6 37. Bc3 Ne5 38. Ra1 a5 39. Nb5 Qb8 40. Rad1
Bf6 41. Bd4 Rb7 42. Rf2 Bg7 43. Kh1 Kh8 44. Rdf1 Kh7 45. Qc3 Rc8 46. Qd2 Rd8
47. Qe2 Qc8 48. Qh5 Qd7 49. Rd2 Qe7 50. Qd1 Rf8 51. Rxf8 Qxf8 52. Be3 Nf7 53.
Nxd6 Qb8 54. Bf2 Nxd6 55. Rxd6 Rf7 56. Rxb6 Qc7 57. Qg1 Qd8 58. Rb5 Rd7 59. Bf3
Qf6 60. Kg2 Rd3 61. Be2 Rd2 62. Qe1 Qb2 63. Kf1 Bc3 64. Rb7+ Kh8 65. Be3 Rd8
66. Qf2 Qb1+ 67. Kg2 Qxe4+ 68. Bf3 Qg6 69. c5 e5 70. Rb6 Qg7 71. Be4 Rf8 72.
Qc2 Qf7 73. Rxh6+ Kg7 74. Rg6+ Kh8 75. Qe2 Qxb3 76. Rxg5 Bf7 77. Rh5+ Bxh5 78.
Qxh5+ Kg7 79. Qg6+ 1-0

[Event "Seniorentoernooi 2016"]
[Site "Dieren, "]
[Date "2016.07.20"]
[Round "4"]
[White "Markus, John"]
[Black "Landsbergen, Ron"]
[Result "1/2-1/2"]
[WhiteElo "1973"]
[BlackElo "1952"]
[PlyCount "130"]
[EventDate "2016.??.??"]

1. d4 Nf6 2. Nf3 d5 3. e3 c5 4. c3 e6 5. Bd3 Nc6 6. Nbd2 Bd6 7. O-O O-O 8. dxc5
Bxc5 9. b4 Bd6 10. Bb2 e5 11. e4 Bg4 12. exd5 Nxd5 13. Nc4 Bc7 14. Be4 Nb6 15.
Nxb6 Qxd1 16. Rfxd1 axb6 17. h3 Be6 18. Ng5 Bxa2 19. Rd7 Bd8 20. Nf3 Be6 21.
Rxa8 Bxd7 22. b5 Na5 23. Nxe5 Bxb5 24. Bd5 Be7 25. Bxf7+ Kh8 26. Rxf8+ Bxf8 27.
Be6 Be8 28. c4 Bc5 29. g4 Ba4 30. h4 Nc6 31. Nf7+ Kg8 32. Nd6+ Kf8 33. Nxb7 Bd4
34. Ba3+ Ke8 35. Kg2 Ne5 36. Nd6+ Kd8 37. Nf5 Bc6+ 38. Bd5 Bxd5+ 39. cxd5 Nc4
40. Bf8 Bc3 41. Bxg7 Bxg7 42. Nxg7 b5 43. Ne6+ Kd7 44. Nd4 b4 45. g5 Nb6 46. f4
Nxd5 47. Kf3 Ne7 48. Ke4 Ke8 49. h5 Kf7 50. f5 h6 51. g6+ Kf6 52. Kf4 Nd5+ 53.
Kg4 Ne7 54. Kf4 Nd5+ 55. Kf3 Nc3 56. Nb3 Nd5 57. Ke4 Ne7 58. Nc5 Nxf5 59. Nd7+
Kg5 60. Nc5 Ng3+ 61. Kd4 Nxh5 62. Nd3 Kxg6 63. Ne5+ Kf6 64. Ng4+ Kg5 65. Nxh6
Kxh6 1/2-1/2

[Event "Seniorentoernooi 2016"]
[Site "Dieren, "]
[Date "2016.07.20"]
[Round "4"]
[White "Klein Douwel, John"]
[Black "Holscher, Peter"]
[Result "1/2-1/2"]
[WhiteElo "1902"]
[BlackElo "2079"]
[PlyCount "70"]
[EventDate "2016.??.??"]

1. Nf3 f5 2. d4 Nf6 3. c4 g6 4. g3 Bg7 5. Bg2 d6 6. O-O O-O 7. Nc3 c6 8. b3 a5
9. Bb2 Na6 10. e3 Ne4 11. Nd2 d5 12. f3 Nxc3 13. Bxc3 Nc7 14. Qc2 e6 15. Rad1
Qe7 16. f4 Ne8 17. Nf3 Nd6 18. Ne5 Ne4 19. Bxe4 fxe4 20. Qd2 Qc7 21. c5 a4 22.
Rb1 Bxe5 23. dxe5 a3 24. b4 b6 25. Bd4 bxc5 26. Bxc5 Rf7 27. Rfc1 Ba6 28. Rc3
Bc4 29. Qc1 Bxa2 30. Ra1 Bc4 31. Rcxa3 Rxa3 32. Qxa3 Kg7 33. Qa8 Qb7 34. Qd8
Ba6 35. Qe8 Qc8 1/2-1/2

[Event "Seniorentoernooi 2016"]
[Site "Dieren, "]
[Date "2016.07.20"]
[Round "4"]
[White "Goossen, Theo"]
[Black "Wagenaar, Harm Theo"]
[Result "1/2-1/2"]
[WhiteElo "1991"]
[BlackElo "1900"]
[PlyCount "59"]
[EventDate "2016.??.??"]

1. e4 d5 2. exd5 Qxd5 3. Nc3 Qd8 4. d4 Nf6 5. Nf3 Bg4 6. h3 Bxf3 7. Qxf3 c6 8.
Be3 e6 9. g4 Nbd7 10. g5 Nd5 11. Nxd5 cxd5 12. O-O-O Qa5 13. Kb1 Rc8 14. h4 Nb6
15. b3 Qc3 16. Bb5+ Kd8 17. Qe2 a6 18. Bd3 Ba3 19. Bc1 Bxc1 20. Rxc1 Qxd4 21.
c4 Ke7 22. c5 Rxc5 23. Rxc5 Qxc5 24. Rc1 Qd6 25. h5 Nd7 26. Qe3 Ne5 27. Be2 Nc6
28. Qb6 Rb8 29. Bxa6 Qd8 30. Qc5+ 1/2-1/2

[Event "Seniorentoernooi 2016"]
[Site "Dieren, "]
[Date "2016.07.21"]
[Round "5"]
[White "Schouten, Nico"]
[Black "Van Lanen, Toon"]
[Result "1-0"]
[WhiteElo "2117"]
[BlackElo "2106"]
[PlyCount "41"]
[EventDate "2016.??.??"]

1. d4 f5 2. Nf3 Nf6 3. e3 e6 4. Be2 b6 5. O-O Bb7 6. Ne5 Bd6 7. b3 O-O 8. Bb2
Ne4 9. f3 Nf6 10. c4 c5 11. Nc3 a6 12. f4 Qc7 13. Bf3 Nc6 14. Kh1 Rad8 15. Ne2
Ne7 16. Ng3 Qb8 17. Qc2 Qa8 18. Rad1 Bxf3 19. Nxf3 Ng4 20. Qc3 Nf6 21. dxc5 1-0

[Event "Seniorentoernooi 2016"]
[Site "Dieren, "]
[Date "2016.07.21"]
[Round "5"]
[White "De Ruijter, Luuk"]
[Black "Gielen, Wim"]
[Result "1-0"]
[WhiteElo "2152"]
[BlackElo "1877"]
[PlyCount "68"]
[EventDate "2016.??.??"]

1. d4 f5 2. Nf3 Nf6 3. g3 g6 4. Bg2 Bg7 5. O-O O-O 6. b3 Ne4 7. Bb2 c5 8. Qc1
cxd4 9. Nxd4 e5 10. Nf3 Nc6 11. c4 d5 12. cxd5 Qxd5 13. Nc3 Nxc3 14. Qxc3 Qd7
15. Rfd1 Qe7 16. Rac1 e4 17. Qxg7+ Qxg7 18. Bxg7 Kxg7 19. Nd4 Bd7 20. f3 Nxd4
21. Rxd4 Bc6 22. fxe4 Rae8 23. e3 Rf7 24. Rcc4 fxe4 25. Bxe4 Rfe7 26. Bxc6 bxc6
27. e4 Kf7 28. Rxc6 Rxe4 29. Rxe4 Rxe4 30. Rc7+ Re7 31. Rxe7+ Kxe7 32. Kf2 Kd6
33. Ke3 Ke5 34. b4 g5 1-0

[Event "Seniorentoernooi 2016"]
[Site "Dieren, "]
[Date "2016.07.21"]
[Round "5"]
[White "Selten, Jan"]
[Black "Vogel, Jaap"]
[Result "1-0"]
[WhiteElo "2080"]
[BlackElo "2083"]
[PlyCount "80"]
[EventDate "2016.??.??"]

1. e4 e6 2. d4 d5 3. Nc3 Bb4 4. exd5 exd5 5. Bd3 Nf6 6. Bg5 h6 7. Bh4 O-O 8.
Nge2 Re8 9. O-O c6 10. a3 Bd6 11. Bg3 Bg4 12. f3 Bh5 13. Qd2 Bg6 14. Bxg6 fxg6
15. Rae1 Bxg3 16. hxg3 g5 17. Qd3 Nbd7 18. Nd1 Qb6 19. b4 Ne5 20. Qc3 Nc4 21.
Nc1 Qa6 22. Ne3 Qxa3 23. Nb3 Qa6 24. Nf5 Qb5 25. Nc5 Kf7 26. Nxb7 Qxb7 27. Qxc4
Qd7 28. Qd3 Rxe1 29. Rxe1 Re8 30. Ra1 g4 31. Kf2 Kg8 32. Nh4 Qc7 33. Qg6 Qf7
34. Qxf7+ Kxf7 35. Rxa7+ Re7 36. Rxe7+ Kxe7 37. Nf5+ Kf7 38. Ke3 Nd7 39. Kf4
Kf6 40. Nd6 Ke6 {vlag} 1-0

[Event "Seniorentoernooi 2016"]
[Site "Dieren, "]
[Date "2016.07.21"]
[Round "5"]
[White "Hoogland, Dirk"]
[Black "Van den Berg, Ad"]
[Result "0-1"]
[WhiteElo "2151"]
[BlackElo "2180"]
[PlyCount "74"]
[EventDate "2016.??.??"]

1. c4 e5 2. Nc3 d6 3. g3 Be6 4. Bg2 c6 5. d3 Nf6 6. Nf3 h6 7. O-O Be7 8. e4 O-O
9. Rb1 b5 10. cxb5 cxb5 11. b4 a6 12. d4 Nbd7 13. Re1 Rc8 14. Bb2 Bg4 15. Nd5
Nxd5 16. exd5 e4 17. Rxe4 Bf5 18. Nd2 Nf6 19. Re3 Bxb1 20. Qxb1 Qd7 21. Ne4
Nxe4 22. Bxe4 Rc4 23. Bf5 Qd8 24. Bd3 Rc7 25. Qd1 Bg5 26. f4 Bf6 27. g4 Re8 28.
Rh3 Rce7 29. Kf2 Re1 30. Qc2 Qb6 31. Qc3 R1e7 32. Kf1 Qc7 33. Qd2 Qc8 34. Qg2
Re3 35. Rxe3 Rxe3 36. Qd2 Rf3+ 37. Ke1 Qxg4 0-1

[Event "Seniorentoernooi 2016"]
[Site "Dieren, "]
[Date "2016.07.21"]
[Round "5"]
[White "Perrenet, Jacob"]
[Black "Etmans, Maarten"]
[Result "0-1"]
[WhiteElo "2103"]
[BlackElo "2063"]
[PlyCount "104"]
[EventDate "2016.??.??"]

1. Nc3 d5 2. Nf3 Nf6 3. d4 Bf5 4. Bg5 e6 5. e3 Be7 6. Bd3 Bg6 7. Ne5 Nfd7 8.
Nxg6 hxg6 9. Bf4 Bd6 10. Bxd6 cxd6 11. Nb5 Qb6 12. a4 Nf6 13. Ra3 a6 14. a5 Qd8
15. Nc3 Nc6 16. Qf3 Nxa5 17. e4 dxe4 18. Nxe4 Nxe4 19. Qxe4 d5 20. Qe5 O-O 21.
h4 Nc4 22. Bxc4 dxc4 23. h5 Qd5 24. Qe2 g5 25. Rg3 Qa5+ 26. Qd2 Qxd2+ 27. Kxd2
f6 28. Re1 Kf7 29. Rge3 Rfe8 30. Kc3 b5 31. Kb4 Rad8 32. c3 Rd5 33. g4 Rd6 34.
Ra1 Rc6 35. f3 Rh8 36. Rae1 Rd8 37. Ra1 Rd5 38. Re2 Rcd6 39. h6 gxh6 40. Rh2 e5
41. Rxh6 exd4 42. cxd4 Rxd4 43. Rh7+ Ke6 44. Re1+ Kd5 45. Rc7 Rd2 46. b3 a5+
47. Kxb5 cxb3 48. Re4 Rd8 49. Rc5+ Kd6 50. Rc6+ Kd7 51. Rxf6 Rb8+ 52. Ka4 Ra2#
0-1

[Event "Seniorentoernooi 2016"]
[Site "Dieren, "]
[Date "2016.07.21"]
[Round "5"]
[White "Jonkman, Fokke"]
[Black "Fassaert, Désiré"]
[Result "1-0"]
[WhiteElo "2074"]
[BlackElo "1924"]
[PlyCount "63"]
[EventDate "2016.??.??"]

1. c4 f5 2. Nf3 Nf6 3. g3 g6 4. b4 Bg7 5. Bb2 d6 6. Bg2 e5 7. O-O O-O 8. d3 a5
9. bxa5 Rxa5 10. Nc3 Nbd7 11. Nd2 c6 12. Nb3 Ra7 13. e3 Re8 14. Qc2 Nf8 15. a4
Qc7 16. a5 Be6 17. Na4 N8d7 18. Bc3 Raa8 19. Nb6 Ra6 20. Rfb1 Nxb6 21. axb6
Qxb6 22. Na5 Qd8 23. Nxb7 Qa8 24. Nxd6 Rd8 25. Rxa6 Qxa6 26. Bxe5 Ng4 27. Bxg7
Kxg7 28. Qb2+ Kg8 29. Ra1 Qxa1+ 30. Qxa1 Rxd6 31. Qa3 c5 32. d4 1-0

[Event "Seniorentoernooi 2016"]
[Site "Dieren, "]
[Date "2016.07.21"]
[Round "5"]
[White "Huysman, Arie"]
[Black "Van Wageningen, Arie"]
[Result "1-0"]
[WhiteElo "1980"]
[BlackElo "2023"]
[PlyCount "97"]
[EventDate "2016.??.??"]

1. e4 e6 2. d4 d5 3. Nd2 Nf6 4. e5 Nfd7 5. c3 c5 6. Bd3 Nc6 7. Ndf3 Qb6 8. Ne2
Be7 9. O-O cxd4 10. cxd4 f6 11. Nf4 Nb4 12. exf6 Nxf6 13. Bb1 Bd6 14. Re1 Bxf4
15. Bxf4 O-O 16. Ne5 Nc6 17. Nxc6 bxc6 18. Bd6 Rf7 19. b3 Bd7 20. Bc2 Re8 21.
Re3 Bc8 22. f4 Rd8 23. Bc5 Qc7 24. g3 g6 25. Qe2 Kg7 26. Bd3 Nd7 27. Rc1 Nxc5
28. Rxc5 Rdf8 29. Qc2 Qb6 30. Qc3 Rc7 31. Re5 Rff7 32. b4 Rfe7 33. Re1 Kf7 34.
Rc1 a6 35. a4 Bb7 36. Kg2 Rcd7 37. Kg1 Rd8 38. Rc2 Kg8 39. Rb2 Ra8 40. Rb1 Qd8
41. Re1 Qf8 42. Re5 Qf6 43. Qe1 Rf8 44. Qe2 Ra8 45. Rc1 Qf7 46. f5 gxf5 47.
Bxf5 Rae8 48. Bd3 Rf8 49. Rg5+ 1-0

[Event "Seniorentoernooi 2016"]
[Site "Dieren, "]
[Date "2016.07.21"]
[Round "5"]
[White "Landsbergen, Ron"]
[Black "Klein Douwel, John"]
[Result "1/2-1/2"]
[WhiteElo "1952"]
[BlackElo "1902"]
[PlyCount "32"]
[EventDate "2016.??.??"]

1. e4 c5 2. Nc3 e6 3. g3 g6 4. Bg2 Bg7 5. d3 Nc6 6. Be3 d6 7. Qd2 Nd4 8. Nd1 e5
9. c3 Nc6 10. Ne2 Nge7 11. Bh6 O-O 12. h4 f6 13. Bxg7 Kxg7 14. Ne3 Be6 15. Bh3
Qd7 16. Bxe6 Qxe6 1/2-1/2

[Event "Seniorentoernooi 2016"]
[Site "Dieren, "]
[Date "2016.07.21"]
[Round "5"]
[White "Seeleman, Jan"]
[Black "Arp, Frans"]
[Result "0-1"]
[WhiteElo "1943"]
[BlackElo "2002"]
[PlyCount "92"]
[EventDate "2016.??.??"]

1. e4 e5 2. Nf3 Nc6 3. Bc4 Nf6 4. d3 Be7 5. O-O O-O 6. c3 d6 7. Bb3 Bg4 8. Re1
Na5 9. Bc2 c5 10. Nbd2 Nc6 11. Nf1 Re8 12. Ng3 g6 13. h3 Bd7 14. Bg5 Bf8 15.
Qd2 Bg7 16. Rad1 Qc7 17. Bb1 Rad8 18. Nf1 Be6 19. d4 d5 20. Qc1 dxe4 21. Bxe4
exd4 22. cxd4 cxd4 23. Nxd4 Bxa2 24. Bxc6 Rxe1 25. Rxe1 Rxd4 26. Qe3 Rd8 27.
Ba4 Bd5 28. Rc1 Qb6 29. Qxb6 axb6 30. Ne3 h6 31. Bh4 Bc6 32. Bd1 Rd4 33. Rc4
Ne4 34. b3 g5 35. Bg3 Nxg3 36. fxg3 Rd3 37. Kf2 Bd4 38. Ke2 Rxe3+ 39. Kd2 Rxg3
40. Rxd4 Rxg2+ 41. Kc3 Rg3+ 42. Rd3 Rxd3+ 43. Kxd3 Kg7 44. Bg4 Kg6 45. Kd4 f5
46. Be2 Kf6 0-1

[Event "Seniorentoernooi 2016"]
[Site "Dieren, "]
[Date "2016.07.21"]
[Round "5"]
[White "Wagenaar, Harm Theo"]
[Black "Markus, John"]
[Result "0-1"]
[WhiteElo "1900"]
[BlackElo "1973"]
[PlyCount "78"]
[EventDate "2016.??.??"]

1. d4 d5 2. Nf3 Nf6 3. e3 e6 4. Bd3 Bd6 5. Nbd2 c5 6. c3 O-O 7. O-O Nc6 8. dxc5
Bxc5 9. e4 Qc7 10. Qe2 h6 11. Bc2 Rd8 12. Kh1 a5 13. exd5 exd5 14. Nb3 b6 15.
Nbd4 Bxd4 16. Nxd4 Nxd4 17. cxd4 Re8 18. Qd1 Ba6 19. Bd3 Bxd3 20. Qxd3 Ng4 21.
g3 Qc4 22. Qxc4 dxc4 23. h3 Nf6 24. Be3 Nd5 25. Rfe1 b5 26. Bd2 a4 27. Kg2 f6
28. Kf3 Kf7 29. Rxe8 Rxe8 30. a3 h5 31. Rc1 g6 32. Rg1 f5 33. Rc1 Re4 34. Be3
Kf6 35. h4 Ke6 36. Rd1 Ne7 37. Bg5 Kd5 38. Kg2 Nc6 39. Bf6 Re2 0-1

[Event "Seniorentoernooi 2016"]
[Site "Dieren, "]
[Date "2016.07.21"]
[Round "5"]
[White "Holscher, Peter"]
[Black "Goossen, Theo"]
[Result "1-0"]
[WhiteElo "2079"]
[BlackElo "1991"]
[PlyCount "49"]
[EventDate "2016.??.??"]

1. d4 d5 2. Nf3 e6 3. c4 c6 4. Nbd2 f5 5. g3 Nf6 6. Bg2 Bd6 7. O-O Nbd7 8. b3
O-O 9. Bb2 Qe7 10. Qc2 Ne4 11. a3 a5 12. Ne1 b6 13. Nxe4 fxe4 14. f3 Nf6 15.
fxe4 e5 16. exd5 cxd5 17. Nd3 e4 18. Ne5 Bxe5 19. dxe5 Qc5+ 20. Kh1 Ng4 21.
Rxf8+ Kxf8 22. h3 Ne3 23. Qd2 Be6 24. Bd4 Nxc4 25. Bxc5+ 1-0